000 00461nam a2200169Ia 4500
008 230718s9999 xx 000 0 und d
041 _aeng
082 _a543.08
_bSKO
100 _aSkoog D.A.
245 _aPrinciples Of Instrumental Analysis
250 _a3rd ed.
260 _c1984
_bSaunders College Publication
300 _a928
365 _cRs.
_b690.00
700 _aSkoog D.A., Holler F.J. & Nieman T.A.
906 _dB:41813-Feb-1994
_cINST
_b103.5
999 _c292075
_d292075